00554nam a2200181 a 450000100060000000300090000600800410001502000150005604000280007108200160009910000160011524500730013126000540020430000090025865000340026765000350030165000360033620422CO-ViMGA141112s2004 ck r 000 u spa d a9583800937 aCO-ViMGAbspacCO-ViMGA04a581.6 D184r1 aDavis, Wade10aEl río : bexploraciones y descubrimientos en la selva amazónica aBogotá : bFondo de Cultura económica, c2002 a640p14aETNOBOTANICA - ESTADOS UNIDOS14aETNOBOTANICOS - AMAZONAS - RIO14aPLANTAS ALUCINOGENAS - AMAZONAS